Datum a čas kvízu
34.5
Celkem bodů
Celkový počet nahraných bodů na tomto kvízu bez doplňovacích otázek.
3.
Pořadí na kvízu
Konečné umístění týmu na tomto kvízu.
Zaznamenané odpovědi
| # | Otázka | Odpověď | Body | Výsledky |
|---|---|---|---|---|
| 1. | Jistá velká česká společnost o... | 1 | ||
| 2. | Český europoslanec, zvolený za... | 0 | ||
| 3. | Nejstreamovanější kapela roku... | 1 | ||
| 4. | Další výrobce luxusních vozů o... | 1 | ||
| 5. | Londýnský fotbalový klub Fulha... | 0 | ||
| 5. | Který produkt propaguje již de... | 0 | ||
| 5. | Jak se jmenuje herečka v roli... | 0 | ||
| 8. | Dvojnásobná olympijská vítězka... | 0 | ||
| 5. | Jak zní křestní jméno italskéh... | 0 | ||
| 10. | Přiřaďte jména známých osobnos... | 1 |